Normal view MARC view

Entry Personal Name

Number of records used in: 1

001 - CONTROL NUMBER

  • control field: 10005

003 - CONTROL NUMBER IDENTIFIER

  • control field: DLC

005 - DATE AND TIME OF LATEST TRANSACTION

  • control field: 20231204144842.0

008 - FIXED-LENGTH DATA ELEMENTS

  • fixed length control field: 210924n| azannaabn |n aaa

010 ## - LIBRARY OF CONGRESS CONTROL NUMBER

  • LC control number: n 2021053189

040 ## - CATALOGING SOURCE

  • Original cataloging agency: DLC
  • Language of cataloging: eng
  • Transcribing agency: DLC
  • Description conventions: rda

046 ## - SPECIAL CODED DATES

  • Birth date: 1962

100 1# - HEADING--PERSONAL NAME

  • Personal name: Barsky, Deborah,
  • Dates associated with a name: 1962-

670 ## - SOURCE DATA FOUND

  • Source citation: Human prehistory, 2022:
  • Information found: ECip title page (Deborah Barsky) ECip galley (Birth Year: 1962)

Powered by Koha